000 00623nam a2200241Ia 4500
003 OSt
005 20220928122045.0
006 a|||||r|||| 00| 0
007 ta
008 220927b |||||||| |||| 00| 0 eng d
020 _cINR 1999.00
024 _a138041
037 _b104, 15/03/2018, Eastern Media
_cTextual
040 _aSDCL
_cSDCL
_beng
041 _2eng
_aeng
082 _aX:8, Q7 LR
245 0 _aGmat prep plus 2018
260 _c2018
300 _axiv,1169p.
_ccm.
650 _aReference
942 _hX:8, Q7 LR
_cTEXL
_2CC
999 _c769395
_d769395